Die größten Städte Brasiliens - Statistiken

Allgemein
  • Dieses Quiz wurde 207 mal gespielt
  • Das Durchschnittsergebnis liegt bei 8 aus 15
Antwortstatistiken
Einwohner Antwort % Korrekt
6.300.000 Rio de Janeiro
97%
11.000.000 Saõ paulo
97%
2.600.000 Brasília
96%
2.300.000 Belo Horizonte
71%
2.100.000 Manaus
67%
1.600.000 Recife
57%
1.500.000 Porto Alegre
54%
2.700.000 Salvador
53%
1.400.000 Belem
52%
2.400.000 Fortaleza
51%
1.900.000 Curitiba
44%
1.100.000 Campinas
21%
1.460.000 Goiânia
14%
1.300.000 Guarulhos
10%
1.000.000 São Gonçalo
10%
Keine übereinstimmenden Quizze gefunden
Verteilung der Resultate
Anzahl Personen mit jedem Resultat
Perzentil nach korrekt beantworteten Fragen
Ihre Resultats-Entwicklung
Sie haben dieses Quiz noch nicht gespielt